000 00728nam a22002177a 4500
003 UA-OsUOA
001 44592
007 ta
008 20070301b un ||||| |||| 00| 0 ukr d
100 _aНицше Ф.
090 _a82
_bН-11
942 _cSA
040 _aUA-OsUOA
_brus
_cUA-OsUOA
_dUA-OsUOA
245 _a"Я не человек, а судьба." Письма 1887-1889 годов. Перевод с немецкого и вступление Игоря Эбаноидзе
300 _aС.187-217
955 _a0
041 _arus
080 _a82
773 0 _w44591
_tИностранная литература
_dМ.
_d2007
_g1
650 7 _a82 Література. Літературознавство
_2UDC
999 _c330710
_d330710